[Event "Bergen Chess International"]
[Site "Bergen NOR"]
[Date "2001.08.04"]
[EventDate "2001.08.04"]
[Round "1"]
[Result "1-0"]
[White "Paal Vegard Hagesaether"]
[Black "Frederic Crapis"]
[WhiteElo "2250"]
[BlackElo "2030"]
[PlyCount "106"]

1. c4 Nf6 2. g3 e5 3. Bg2 Nc6 4. Nc3 Bc5 5. e3 a6 6. Nge2 O-O
7. O-O d6 8. d4 Ba7 9. h3 Ne7 10. Qd3 c6 11. b3 Rb8 12. Rd1
Be6 13. Ba3 c5 14. dxe5 dxe5 15. Qxd8 Rfxd8 16. Bxb7 Bxh3
17. f3 h5 18. Bxa6 Nc6 19. Nd5 Nxd5 20. cxd5 Nb4 21. Bxb4 cxb4
22. Kf2 Rb6 23. Bc4 g5 24. a3 Rf6 25. axb4 Bb6 26. Ra6 Rdd6
27. Ra8+ Kg7 28. Ng1 Bd7 29. Ke2 e4 30. fxe4 Bg4+ 31. Kd3 Bxd1
32. e5 Rf1 33. exd6 Rxg1 34. d7 Rxg3 35. Rb8 Bxe3 36. Rg8+ Kh7
37. d8=Q Bb6+ 38. Kd2 Bxd8 39. Rxd8 Bxb3 40. Bd3+ Kg7 41. b5
Rf3 42. b6 Rf6 43. b7 Rb6 44. b8=Q Rxb8 45. Rxb8 Bxd5 46. Rb5
Be6 47. Rxg5+ Kh6 48. Rg2 h4 49. Ke3 h3 50. Rh2 Kg5 51. Bf1
Kh4 52. Kf4 Bd7 53. Bxh3 Bxh3 1-0

[Event "Bergen Chess International"]
[Site "Bergen NOR"]
[Date "2001.08.04"]
[EventDate "2001.08.04"]
[Round "1"]
[Result "1/2-1/2"]
[White "Kevin D White"]
[Black "Mark Weighell"]
[WhiteElo "2075"]
[BlackElo "2119"]
[PlyCount "29"]

1. e4 c5 2. Nc3 g6 3. Nf3 Bg7 4. d3 d6 5. g3 Nc6 6. Bg2 a6
7. a4 Nf6 8. O-O O-O 9. Be3 Rb8 10. Qd2 Ng4 11. Bg5 h6 12. Bf4
e5 13. Be3 Nxe3 14. fxe3 Be6 15. Nh4 1/2-1/2

[Event "Bergen Chess International"]
[Site "Bergen NOR"]
[Date "2001.08.05"]
[EventDate "2001.08.04"]
[Round "2"]
[Result "1-0"]
[White "Saevar Bjarnason"]
[Black "Lars Schandorff"]
[WhiteElo "2281"]
[BlackElo "2551"]
[PlyCount "75"]

1. c4 e6 2. g3 d5 3. d4 Nf6 4. Nf3 dxc4 5. Qa4+ c6 6. Qxc4 b5
7. Qc2 Bb7 8. Bg2 Nbd7 9. a4 c5 10. O-O a6 11. axb5 axb5
12. Rxa8 Bxa8 13. Bg5 Qb6 14. Nbd2 Nd5 15. Ra1 Bb7 16. Nb3 c4
17. Na5 h6 18. Nxb7 Qxb7 19. Bd2 Be7 20. b3 cxb3 21. Qxb3 O-O
22. Ne1 Rc8 23. Ra5 Rb8 24. Nd3 Qc6 25. Nf4 N7f6 26. e4 Nxf4
27. Bxf4 Qb6 28. Ra2 Rd8 29. d5 exd5 30. exd5 Bc5 31. h3 Re8
32. Bf1 b4 33. Kg2 Nh5 34. Bc1 Qf6 35. Rc2 Bd6 36. Rc6 Qe5
37. Qf3 Nf6 38. Bf4 1-0

[Event "Bergen Chess International"]
[Site "Bergen NOR"]
[Date "2001.08.05"]
[EventDate "2001.08.04"]
[Round "2"]
[Result "1-0"]
[White "Einar J Gausel"]
[Black "Andreas Bachmann"]
[WhiteElo "2520"]
[BlackElo "2303"]
[PlyCount "75"]

1. Nf3 g6 2. d4 Nf6 3. Bg5 Bg7 4. Nbd2 O-O 5. c3 d6 6. e4 Nbd7
7. Bc4 e5 8. dxe5 Nxe5 9. Nxe5 dxe5 10. O-O Qe7 11. Qb3 c6
12. a4 h6 13. Bh4 b6 14. Rfd1 Qc7 15. f3 Ne8 16. Qa3 Nd6
17. Bb3 Re8 18. a5 b5 19. a6 Be6 20. Bxe6 Rxe6 21. Qa5 Qc8
22. Qa2 Bf6 23. Bf2 Bd8 24. Nb3 Bb6 25. Nc5 Rf6 26. Rd3 Qc7
27. Rad1 Qe7 28. b3 Nc8 29. Rd7 Qf8 30. Nb7 Bxf2+ 31. Qxf2 Kg7
32. Rd8 Qa3 33. Qc5 Qxc5+ 34. Nxc5 Nb6 35. Rxa8 Nxa8 36. Rd7
Nb6 37. Rxa7 Rd6 38. Rb7 1-0

[Event "Bergen Chess International"]
[Site "Bergen NOR"]
[Date "2001.08.05"]
[EventDate "2001.08.04"]
[Round "2"]
[Result "1/2-1/2"]
[White "Svein Johannessen"]
[Black "Evgenij Romanovich Agrest"]
[WhiteElo "2269"]
[BlackElo "2529"]
[PlyCount "72"]

1. e4 c5 2. Nf3 e6 3. g3 Nc6 4. Bg2 Nge7 5. O-O d5 6. exd5
Nxd5 7. d4 Be7 8. dxc5 Bxc5 9. a3 a5 10. c4 Nb6 11. Qc2 O-O
12. Nc3 e5 13. Rd1 Nd4 14. Nxd4 exd4 15. Ne4 Bf5 16. Qb3 Bxe4
17. Bxe4 Qe7 18. Bd3 Qd7 19. Bd2 a4 20. Qc2 f5 21. Re1 g6
22. Re5 Rfc8 23. Rae1 Qg7 24. Bg5 h6 25. Bd2 Nd7 26. Re6 Rc6
27. R6e2 Rf6 28. Bb4 b6 29. Re8+ Rf8 30. Rxa8 Rxa8 31. Qe2 Qf6
32. Qf3 Rf8 33. Bd2 Qg7 34. Qc6 Ne5 35. Qd5+ Nf7 36. Bf4 Kh7
1/2-1/2

[Event "Bergen Chess International"]
[Site "Bergen NOR"]
[Date "2001.08.05"]
[EventDate "2001.08.04"]
[Round "2"]
[Result "0-1"]
[White "Arnar Gunnarsson"]
[Black "Artur Mikhailovich Kogan"]
[WhiteElo "2263"]
[BlackElo "2517"]
[PlyCount "86"]

1. c4 g6 2. Nc3 Bg7 3. Nf3 d6 4. d4 Bg4 5. e3 c5 6. Be2 Nc6
7. O-O Nh6 8. h3 Bxf3 9. Bxf3 cxd4 10. exd4 Nf5 11. d5 Ncd4
12. Be4 h5 13. g4 hxg4 14. hxg4 Nh4 15. Be3 f5 16. Bxd4 fxe4
17. Bxg7 Nf3+ 18. Kg2 Qc8 19. Kg3 Rh4 20. Qxf3 exf3 21. Kxh4
Qxc4 22. Rad1 Qf4 23. Kh3 Kd7 24. Rfe1 g5 25. Re6 Qf7 26. Bd4
Qh7+ 27. Kg3 Rf8 28. Bf6 Rxf6 29. Rxf6 exf6 30. Kxf3 Qh3+
31. Ke2 Qxg4+ 32. Ke3 Qf4+ 33. Ke2 b5 34. a3 a5 35. Rd2 g4
36. Nd1 Qf3+ 37. Kf1 f5 38. Nc3 Qh1+ 39. Ke2 f4 40. Rd3 b4
41. axb4 axb4 42. Nd1 Ke7 43. Rb3 Qe4+ 0-1

[Event "Bergen Chess International"]
[Site "Bergen NOR"]
[Date "2001.08.05"]
[EventDate "2001.08.04"]
[Round "2"]
[Result "0-1"]
[White "Thomas Johansson"]
[Black "Emanuel Berg"]
[WhiteElo "2250"]
[BlackElo "2496"]
[PlyCount "96"]

1. e4 e6 2. d4 d5 3. e5 c5 4. dxc5 Nc6 5. Nf3 Bxc5 6. Bd3 Nge7
7. Bf4 Qb6 8. O-O Ng6 9. Bg3 Qxb2 10. Nbd2 Ngxe5 11. Nxe5 Nxe5
12. Rb1 Qc3 13. Rb3 Qd4 14. Bxe5 Qxe5 15. Bb5+ Ke7 16. Re1 Qd4
17. Ree3 a6 18. Bf1 Rd8 19. Rbd3 Qh4 20. Rg3 g6 21. c4 Kf8
22. Nb3 Ba7 23. c5 Kg8 24. Qa1 e5 25. Qxe5 Bb8 26. Qc3 Bxg3
27. hxg3 Qg5 28. Nd4 Bf5 29. Nf3 Qh6 30. Rd4 Rac8 31. Rb4 Rd7
32. Nd4 Be6 33. Rb6 Qf8 34. c6 bxc6 35. Bxa6 Rcc7 36. Rxc6
Rxc6 37. Qxc6 Qd6 38. Qb5 Ra7 39. Qe8+ Kg7 40. Bc8 Bxc8
41. Qxc8 Rxa2 42. Qc3 Qf6 43. Qe3 Ra1+ 44. Kh2 Rd1 45. Nf3 h5
46. Ne5 Qf5 47. Nf3 Qe4 48. Qa7 Qb1 0-1

[Event "Bergen Chess International"]
[Site "Bergen NOR"]
[Date "2001.08.05"]
[EventDate "2001.08.04"]
[Round "2"]
[Result "1-0"]
[White "Stellan Brynell"]
[Black "Paal Vegard Hagesaether"]
[WhiteElo "2486"]
[BlackElo "2250"]
[PlyCount "59"]

1. e4 d6 2. d4 Nf6 3. Nc3 g6 4. Nf3 Bg7 5. Be2 O-O 6. O-O c6
7. a4 a5 8. Be3 Na6 9. Nd2 Nb4 10. f4 d5 11. e5 Ne8 12. Ncb1
c5 13. Nf3 cxd4 14. Nxd4 Nc7 15. Na3 Ne6 16. Nf3 f6 17. exf6
Rxf6 18. c3 Nc6 19. Qd2 Bh6 20. g3 Ng7 21. Ne5 Nxe5 22. fxe5
Rxf1+ 23. Rxf1 Bxe3+ 24. Qxe3 Bf5 25. Bf3 Qd7 26. Nb5 Bc2
27. Qd4 Bb3 28. Bg4 Nf5 29. Bxf5 gxf5 30. e6 1-0

[Event "Bergen Chess International"]
[Site "Bergen NOR"]
[Date "2001.08.05"]
[EventDate "2001.08.04"]
[Round "2"]
[Result "0-1"]
[White "Torbjorn Ringdal Hansen"]
[Black "Rune Djurhuus"]
[WhiteElo "2244"]
[BlackElo "2474"]
[PlyCount "82"]

1. c4 g6 2. Nc3 Bg7 3. g3 e5 4. Bg2 Ne7 5. Nf3 f5 6. O-O O-O
7. Rb1 c6 8. c5 h6 9. d3 d5 10. cxd6 Qxd6 11. Be3 Be6 12. Qc1
Kh7 13. b4 Nd7 14. d4 Nd5 15. Nxd5 Bxd5 16. dxe5 Qe6 17. a3
Bxf3 18. exf3 Nxe5 19. Rd1 Rfd8 20. Qc2 Qc4 21. Qa4 a6 22. Bb6
Rxd1+ 23. Qxd1 Qf7 24. f4 Nc4 25. Qb3 Kg8 26. Bc5 Nd2
27. Qxf7+ Kxf7 28. Rd1 Rd8 29. Be3 Bc3 30. Rc1 Bf6 31. a4 Nb3
32. Rb1 Nd4 33. Kf1 Nc2 34. Bc5 Bd4 35. Rd1 Ke8 36. Bxd4 Rxd4
37. Rxd4 Nxd4 38. h3 Kd7 39. Kg1 b5 40. axb5 axb5 41. g4 Nc2
0-1

[Event "Bergen Chess International"]
[Site "Bergen NOR"]
[Date "2001.08.05"]
[EventDate "2001.08.04"]
[Round "2"]
[Result "1/2-1/2"]
[White "Roy Harald Fyllingen"]
[Black "Norbert Sprotte"]
[WhiteElo "2389"]
[BlackElo "2240"]
[PlyCount "111"]

1. d4 Nf6 2. Nf3 c5 3. d5 g6 4. Nc3 Bg7 5. e4 d6 6. Be2 O-O
7. O-O Na6 8. Re1 Nc7 9. a4 b6 10. Bf1 Bg4 11. h3 Bxf3
12. Qxf3 Nd7 13. Bg5 a6 14. Qg3 Rb8 15. Qh4 Re8 16. f4 f6
17. Bh6 b5 18. axb5 axb5 19. Re3 Rf8 20. Rae1 Rf7 21. b4 c4
22. Ne2 Ra8 23. Nd4 Bxh6 24. Qxh6 Ra2 25. Ne6 Qb8 26. Rg3 Nf8
27. f5 Ncxe6 28. dxe6 Rg7 29. c3 d5 30. e5 fxe5 31. fxg6 Rxg6
32. Rxg6+ Nxg6 33. Rd1 Qb6+ 34. Kh2 Qxe6 35. h4 e4 36. Qg5
Qd6+ 37. Kh1 e6 38. g3 Qe5 39. Qg4 Kh8 40. Bh3 e3 41. h5 Nf8
42. h6 Qxc3 43. Rf1 Rf2 44. Rxf2 exf2 45. Bf1 Qf6 46. Kg2 e5
47. Qh5 Ng6 48. Qh3 e4 49. Qd7 c3 50. Qxd5 c2 51. Qc5 Nf8
52. Qxc2 Qf3+ 53. Kh2 Qh5+ 54. Kg2 Qf3+ 55. Kh2 Qh5+ 56. Kg2
1/2-1/2

[Event "Bergen Chess International"]
[Site "Bergen NOR"]
[Date "2001.08.05"]
[EventDate "2001.08.04"]
[Round "2"]
[Result "1-0"]
[White "Sverre Heim"]
[Black "Hans Olav Lahlum"]
[WhiteElo "2371"]
[BlackElo "2227"]
[PlyCount "65"]

1. e4 e6 2. d4 d5 3. Nd2 c5 4. exd5 Qxd5 5. Ngf3 cxd4 6. Bc4
Qd6 7. Qe2 Nf6 8. Nb3 Nc6 9. Bg5 a6 10. O-O-O b5 11. Bd3 Be7
12. Rhe1 Bd7 13. Kb1 Rc8 14. Bh4 Qd5 15. g4 h6 16. h3 Rb8
17. Bg3 Rb7 18. Ne5 Nxe5 19. Bxe5 Bc6 20. Nxd4 Rd7 21. f4 Bd6
22. Nf5 Bxe5 23. fxe5 Ng8 24. Nxg7+ Kf8 25. Nh5 Qf3 26. Qh2
Be4 27. Nf4 Bxd3 28. Nxd3 Ne7 29. Rf1 Qe3 30. Rde1 Qg5 31. Qf2
Ng6 32. Nc5 Re7 33. Nxe6+ 1-0

[Event "Bergen Chess International"]
[Site "Bergen NOR"]
[Date "2001.08.05"]
[EventDate "2001.08.04"]
[Round "2"]
[Result "0-1"]
[White "Tatjana Georgieva Plachkinova"]
[Black "Per Erik Manne"]
[WhiteElo "2190"]
[BlackElo "2386"]
[PlyCount "102"]

1. d4 d5 2. c4 e6 3. Nc3 c5 4. cxd5 exd5 5. Nf3 Nc6 6. g3 Nf6
7. Bg2 Be7 8. O-O O-O 9. Bg5 cxd4 10. Nxd4 h6 11. Be3 Re8
12. Rc1 Bg4 13. h3 Be6 14. Nxc6 bxc6 15. Na4 Qc8 16. Kh2 Qa6
17. a3 Qb5 18. Bd4 Bf5 19. Nc5 h5 20. Qd2 h4 21. a4 Qb8 22. b4
a6 23. Qc3 Nh5 24. Be5 Bd6 25. Bxd6 Qxd6 26. Qf3 Bg6 27. Rfd1
Re5 28. e4 Rg5 29. exd5 hxg3+ 30. fxg3 Rxg3 31. dxc6 Qc7
32. Rd7 Qe5 33. Rd5 Qc7 34. Rd7 Qe5 35. Rd5 Rxg2+ 36. Kxg2
Qb2+ 37. Qf2 Qxc1 38. Rd4 Rc8 39. b5 axb5 40. axb5 Qg5+
41. Rg4 Qd5+ 42. Kh2 Qe5+ 43. Kg2 Nf6 44. Rb4 Ne4 45. Nxe4
Bxe4+ 46. Kf1 Bd3+ 47. Kg1 Bxb5 48. Rf4 Rxc6 49. Qd2 Rg6+
50. Kf2 Qxf4+ 51. Qxf4 Rf6 0-1

[Event "Bergen Chess International"]
[Site "Bergen NOR"]
[Date "2001.08.05"]
[EventDate "2001.08.04"]
[Round "2"]
[Result "1-0"]
[White "Steffen Pedersen"]
[Black "Jan Vidar Vestly"]
[WhiteElo "2453"]
[BlackElo "2109"]
[PlyCount "49"]

1. d4 Nf6 2. c4 c5 3. d5 b5 4. Nf3 g6 5. Qc2 Bg7 6. e4 d6
7. cxb5 O-O 8. Nc3 a6 9. a4 e6 10. dxe6 fxe6 11. e5 dxe5
12. Be3 Nbd7 13. Rd1 Qe7 14. bxa6 Bxa6 15. Bxa6 Rxa6 16. O-O
Rb8 17. Rfe1 Rb4 18. Bc1 Nd5 19. Rxd5 exd5 20. Nxd5 Qe6
21. Nxb4 cxb4 22. Ng5 Rc6 23. Qd1 Qc4 24. Qxd7 h6 25. b3 1-0

[Event "Bergen Chess International"]
[Site "Bergen NOR"]
[Date "2001.08.05"]
[EventDate "2001.08.04"]
[Round "2"]
[Result "0-1"]
[White "Miitrei Sorsa"]
[Black "Joanna Dworakowska"]
[WhiteElo "2111"]
[BlackElo "2350"]
[PlyCount "64"]

1. c4 f5 2. g3 Nf6 3. Bg2 g6 4. Nc3 Bg7 5. d3 d6 6. e4 Nc6
7. Nge2 e5 8. O-O O-O 9. Nd5 Ne8 10. h3 fxe4 11. dxe4 Nd4
12. Be3 c6 13. Ndc3 c5 14. f4 Nc7 15. Qd2 Be6 16. Nd5 Qd7
17. Kh2 Rab8 18. Nec3 exf4 19. gxf4 b5 20. Nxc7 Qxc7 21. Bxd4
cxd4 22. Nxb5 Qc5 23. Rac1 a6 24. b4 Qb6 25. Na3 Qxb4 26. Qd3
Qa4 27. Rc2 Rf7 28. Rcf2 Qa5 29. f5 Rbf8 30. c5 Qxc5 31. Bf3
Qe5+ 32. Kg2 Bxf5 0-1

[Event "Bergen Chess International"]
[Site "Bergen NOR"]
[Date "2001.08.05"]
[EventDate "2001.08.04"]
[Round "2"]
[Result "0-1"]
[White "Harald Borchgrevink"]
[Black "Jesper Morch Lauridsen"]
[WhiteElo "2163"]
[BlackElo "2223"]
[PlyCount "98"]

1. c4 e6 2. g3 d5 3. Bg2 Nf6 4. Qc2 c5 5. Nf3 Nc6 6. O-O Be7
7. b3 O-O 8. Bb2 d4 9. d3 e5 10. Nbd2 h6 11. a3 a5 12. e3 Bf5
13. exd4 exd4 14. Rfe1 Qd7 15. Ne5 Nxe5 16. Rxe5 Bd6 17. Ree1
Rfe8 18. Rad1 Bg4 19. Rb1 Rad8 20. b4 Rxe1+ 21. Rxe1 cxb4
22. Bxd4 Be7 23. Bxf6 Bxf6 24. axb4 axb4 25. Bd5 Bc3 26. Rb1
Be6 27. Bxe6 fxe6 28. Ne4 Qxd3 29. Qxd3 Rxd3 30. Rb3 Rd1+
31. Kg2 Be1 32. Nc5 Rc1 33. Nd3 Rc3 34. Rb1 Rxd3 35. Rxe1 Kf7
36. Re5 Rc3 37. Rb5 Rxc4 38. Rxb7+ Kf6 39. Rb5 g5 40. h3 h5
41. Kf1 Rc1+ 42. Ke2 Rb1 43. h4 gxh4 44. gxh4 e5 45. f4 exf4
46. Rxh5 b3 47. Rb5 b2 48. Rb6+ Kf5 49. Rb5+ Kg4 0-1

[Event "Bergen Chess International"]
[Site "Bergen NOR"]
[Date "2001.08.05"]
[EventDate "2001.08.04"]
[Round "2"]
[Result "1/2-1/2"]
[White "Carl Fredrik Ekeberg"]
[Black "John Arni Nilssen"]
[WhiteElo "2117"]
[BlackElo "2333"]
[PlyCount "81"]

1. d4 Nf6 2. c4 e6 3. Nc3 Bb4 4. Qc2 O-O 5. a3 Bxc3+ 6. Qxc3
b6 7. Bg5 Ba6 8. Qf3 Nc6 9. e3 Bb7 10. Bxf6 gxf6 11. Bd3 f5
12. Ne2 Kh8 13. Qh5 Qf6 14. Rg1 Ne7 15. g4 Be4 16. Bxe4 fxe4
17. Nf4 Ng6 18. Qh6 Qe7 19. h4 e5 20. Nh5 f6 21. Ng3 exd4
22. Nf5 Qf7 23. exd4 Ne7 24. Nxe7 Qxe7 25. O-O-O Rae8 26. Rg3
Qe6 27. d5 Qd6 28. Kb1 a6 29. Rdg1 Rg8 30. g5 Rg6 31. Qh5 Qe5
32. Qe2 Qf4 33. Rg4 Qf5 34. Qe3 Qe5 35. h5 Rxg5 36. Rxg5 fxg5
37. Rxg5 Qf6 38. Rg4 Qf5 39. Rg5 Qf6 40. Rg4 Qf5 41. Rg5
1/2-1/2

[Event "Bergen Chess International"]
[Site "Bergen NOR"]
[Date "2001.08.05"]
[EventDate "2001.08.04"]
[Round "2"]
[Result "1-0"]
[White "Bosse Lindberg"]
[Black "Ole Johan Valaker"]
[WhiteElo "2248"]
[BlackElo "2134"]
[PlyCount "99"]

1. c4 e5 2. Nc3 Nc6 3. Nf3 Nf6 4. g3 Bb4 5. Bg2 Bxc3 6. dxc3
O-O 7. O-O d6 8. Ne1 h6 9. Nc2 Ne7 10. e4 Be6 11. Ne3 Qd7
12. f4 Bh3 13. fxe5 dxe5 14. Qxd7 Bxd7 15. Nd5 Nfxd5 16. cxd5
c5 17. Be3 b6 18. b4 cxb4 19. cxb4 Rac8 20. a4 Rc4 21. Rfc1
Rxc1+ 22. Rxc1 Rc8 23. Rxc8+ Nxc8 24. a5 Kf8 25. Bf1 Ke8
26. Ba6 Nd6 27. axb6 axb6 28. Bxb6 Nxe4 29. Bc7 Nc3 30. Bxe5
Nxd5 31. Bxg7 Nxb4 32. Be2 f5 33. Bxh6 Kf7 34. h4 Nd5 35. Kf2
Nf6 36. Bc1 Bc6 37. Ke3 Kg6 38. Bb2 Nd5+ 39. Kd4 f4 40. g4 Ne3
41. Ke5 Ng2 42. Bd3+ Kh6 43. g5+ Kh5 44. g6 Be8 45. g7 Bf7
46. Kf6 Bg8 47. Bg6+ Kh6 48. Bf7 Bh7 49. Be5 f3 50. Bg3 1-0

[Event "Bergen Chess International"]
[Site "Bergen NOR"]
[Date "2001.08.05"]
[EventDate "2001.08.04"]
[Round "2"]
[Result "1/2-1/2"]
[White "Alexander R Flaata"]
[Black "Stig Gabrielsen"]
[WhiteElo "2097"]
[BlackElo "2280"]
[PlyCount "90"]

1. e4 c5 2. Nf3 Nc6 3. d4 cxd4 4. c3 Nf6 5. e5 Nd5 6. Bc4 Nb6
7. Bb3 d5 8. exd6 Qxd6 9. cxd4 Bf5 10. O-O e6 11. Nc3 Be7
12. d5 exd5 13. Nxd5 Nxd5 14. Qxd5 Qxd5 15. Bxd5 O-O 16. Bg5
Bxg5 17. Nxg5 h6 18. Nf3 Nb4 19. Bb3 Nd3 20. Bc2 Rac8 21. Ne1
Rcd8 22. f3 Bg6 23. Nxd3 Bxd3 24. Rf2 Bc4 25. Re1 Rd7 26. b3
Ba6 27. Bf5 Rd5 28. Be4 Rd4 29. Rc1 g6 30. g4 Rd7 31. Kg2 Kg7
32. Rfc2 Kf6 33. Kg3 Ke6 34. Re1 Kf6 35. Rec1 Rfd8 36. h4 Rd2
37. b4 R2d4 38. g5+ hxg5 39. hxg5+ Ke6 40. a3 R8d7 41. Re1 Kd6
42. Kf4 Re7 43. Ke3 Rd3+ 44. Kf4 Rd4 45. Ke3 Rd3+ 1/2-1/2

[Event "Bergen Chess International"]
[Site "Bergen NOR"]
[Date "2001.08.05"]
[EventDate "2001.08.04"]
[Round "2"]
[Result "1-0"]
[White "Kjetil A Lie"]
[Black "Kjetil Stokke"]
[WhiteElo "2347"]
[BlackElo "2016"]
[PlyCount "41"]

1. g3 c5 2. Bg2 g6 3. e4 Bg7 4. Ne2 Nc6 5. O-O e5 6. f4 d6
7. f5 gxf5 8. exf5 Nh6 9. d3 Nxf5 10. Nec3 h5 11. Nd5 Be6
12. Nbc3 Kd7 13. Ne4 Bxd5 14. Rxf5 Be6 15. Rxh5 f6 16. Be3 b6
17. c4 Qe7 18. Rxh8 Rxh8 19. Qa4 Rc8 20. Nc3 Qe8 21. Nb5 1-0

[Event "Bergen Chess International"]
[Site "Bergen NOR"]
[Date "2001.08.05"]
[EventDate "2001.08.04"]
[Round "2"]
[Result "1-0"]
[White "Daniel Hersvik"]
[Black "Victor Hansen"]
[WhiteElo "2241"]
[BlackElo "2086"]
[PlyCount "77"]

1. e4 c6 2. d4 d6 3. c3 Nd7 4. Bc4 Ngf6 5. Nd2 e5 6. Ngf3 Be7
7. O-O O-O 8. Bb3 Qc7 9. Re1 Nb6 10. h3 Be6 11. Bxe6 fxe6
12. dxe5 dxe5 13. Qb3 Kh8 14. Qxe6 Bd6 15. Nc4 Nxc4 16. Qxc4
Nh5 17. Ng5 Qe7 18. Qe6 Qxe6 19. Nxe6 Rf6 20. Ng5 Nf4 21. Bxf4
Rxf4 22. Rad1 Bc5 23. Re2 Raf8 24. Rdd2 R4f6 25. Nf3 Bd6
26. Rd3 h6 27. Red2 Bc7 28. Rd7 R6f7 29. h4 g6 30. h5 g5
31. Rxf7 Rxf7 32. Nh2 Bb6 33. Kf1 Kh7 34. Ng4 Bc7 35. Ke2 Kg7
36. Ne3 Kf6 37. Nf5 Ke6 38. Nxh6 Rh7 39. Nf5 1-0

[Event "Bergen Chess International"]
[Site "Bergen NOR"]
[Date "2001.08.05"]
[EventDate "2001.08.04"]
[Round "2"]
[Result "1/2-1/2"]
[White "Dominika Gorczyca"]
[Black "Rune Myhrvold"]
[WhiteElo "2069"]
[BlackElo "2248"]
[PlyCount "78"]

1. d4 d5 2. c4 dxc4 3. Nc3 a6 4. a4 Nc6 5. Nf3 Bg4 6. e3 e5
7. Bxc4 exd4 8. exd4 Nf6 9. O-O Be7 10. Be3 O-O 11. Be2 Qd6
12. h3 Bh5 13. Nh4 Bxe2 14. Qxe2 g6 15. Nf3 Rfe8 16. Qc2 Rad8
17. Rad1 Bf8 18. Rd2 h6 19. Rfd1 Nb4 20. Qb3 Nfd5 21. Ne5 Qe6
22. Nxd5 Qxd5 23. Qc3 Qd6 24. Qb3 Qe6 25. Qxe6 Rxe6 26. Ng4 h5
27. Bg5 Be7 28. Bxe7 Rxe7 29. Ne5 Kg7 30. Kf1 f6 31. Nc4 Red7
32. Ne3 Nd5 33. Rc1 c6 34. g3 Nxe3+ 35. fxe3 Re8 36. Ke2 Rde7
37. Rd3 f5 38. b4 Re4 39. Kf3 g5 1/2-1/2

[Event "Bergen Chess International"]
[Site "Bergen NOR"]
[Date "2001.08.05"]
[EventDate "2001.08.04"]
[Round "2"]
[Result "1-0"]
[White "Andreas G R Moen"]
[Black "Jolanta Guzik"]
[WhiteElo "2218"]
[BlackElo "2095"]
[PlyCount "73"]

1. d4 d5 2. c4 e6 3. Nc3 Nf6 4. cxd5 exd5 5. Bg5 Be7 6. e3 c6
7. Bd3 Nbd7 8. Nge2 O-O 9. Ng3 Re8 10. Nf5 Nf8 11. Nxe7+ Qxe7
12. Qf3 N8d7 13. O-O h6 14. Bh4 Qb4 15. Qe2 Ne4 16. Rac1 Nf8
17. f3 Nxc3 18. bxc3 Qb6 19. Rb1 Qa5 20. Qd2 Ne6 21. Rb2 Qc7
22. Bg3 Qe7 23. e4 Ng5 24. c4 dxc4 25. Bxc4 Be6 26. Bd3 Nh7
27. Qb4 Qd7 28. d5 cxd5 29. Bb5 Qe7 30. Bxe8 Qxe8 31. Qxb7 Rd8
32. Qxa7 dxe4 33. fxe4 Ng5 34. Qe3 Bc4 35. Re1 Qc6 36. Rc2 Rd3
37. Qxd3 1-0

[Event "Bergen Chess International"]
[Site "Bergen NOR"]
[Date "2001.08.05"]
[EventDate "2001.08.04"]
[Round "2"]
[Result "1/2-1/2"]
[White "Bart Stam"]
[Black "Agnieszka Matras-Clement"]
[WhiteElo "2088"]
[BlackElo "2218"]
[PlyCount "63"]

1. e4 e5 2. Nf3 Nc6 3. Bc4 Nf6 4. Ng5 d5 5. exd5 Na5 6. Bb5+
c6 7. dxc6 bxc6 8. Be2 h6 9. Nf3 e4 10. Ne5 Bd6 11. f4 Qc7
12. O-O Bxe5 13. fxe5 Qxe5 14. d4 exd3 15. Qxd3 Be6 16. Bf4
Qc5+ 17. Be3 Qe7 18. Qc3 Qc7 19. Rxf6 gxf6 20. Qxf6 Rg8
21. Nc3 Nb7 22. Bf3 Rc8 23. Re1 Rg6 24. Qh8+ Ke7 25. Qd4 Qa5
26. Qh4+ Kd7 27. Bh5 Rcg8 28. Bxg6 Rxg6 29. Rd1+ Kc8 30. Qe7
Rg8 31. b4 Qf5 32. Rd2 1/2-1/2

[Event "Bergen Chess International"]
[Site "Bergen NOR"]
[Date "2001.08.05"]
[EventDate "2001.08.04"]
[Round "2"]
[Result "0-1"]
[White "Ragnar Edvardsen"]
[Black "Jon Eriksson"]
[WhiteElo "2023"]
[BlackElo "2245"]
[PlyCount "100"]

1. e4 c6 2. d4 d5 3. exd5 cxd5 4. c4 Nf6 5. Nc3 g6 6. Nf3 Bg7
7. Qb3 O-O 8. cxd5 Nbd7 9. Bd3 Nb6 10. O-O Nfxd5 11. Nxd5 Qxd5
12. Qxd5 Nxd5 13. Bd2 Bg4 14. Ne5 Be6 15. Bc4 Rfd8 16. Bxd5
Bxd5 17. Be3 Rac8 18. Rfc1 Rxc1+ 19. Rxc1 Bxa2 20. f3 f6
21. Ng4 h5 22. Nf2 Be6 23. Rc7 Rd7 24. Rxd7 Bxd7 25. d5 b6
26. Nd3 e6 27. Nb4 exd5 28. Nxd5 Kf7 29. Kf2 Bf8 30. Bd4 Bc6
31. Nc3 Ke6 32. Ke3 Bh6+ 33. Kd3 Bf4 34. h3 f5 35. Kc4 g5
36. b3 g4 37. hxg4 hxg4 38. fxg4 fxg4 39. Ne2 Bd6 40. g3 Bd5+
41. Kd3 Bxb3 42. Bxb6 axb6 43. Nd4+ Kd5 44. Nxb3 Bxg3 45. Nd2
Bf2 46. Ne4 g3 47. Nc3+ Ke5 48. Ke2 Bd4 49. Nb5 g2 50. Nxd4
Kxd4 0-1

[Event "Bergen Chess International"]
[Site "Bergen NOR"]
[Date "2001.08.05"]
[EventDate "2001.08.04"]
[Round "2"]
[Result "0-1"]
[White "Hallvard Voll Adnoy"]
[Black "Terje Karlsen"]
[WhiteElo "2197"]
[BlackElo "2068"]
[PlyCount "76"]

1. e4 c5 2. d4 cxd4 3. c3 dxc3 4. Nxc3 Nc6 5. Bc4 d6 6. Nf3 a6
7. O-O Nf6 8. h3 e6 9. Qe2 b5 10. Bb3 Be7 11. Rd1 Bd7 12. Bg5
O-O 13. Rac1 Ra7 14. Bc2 Qb8 15. Nh2 Re8 16. f4 b4 17. Nb1 e5
18. Nf3 h6 19. Bxf6 Bxf6 20. f5 Nd4 21. Nxd4 exd4 22. Qh5 Bb5
23. Qf3 d5 24. Re1 Rae7 25. Bd3 Bxd3 26. Qxd3 dxe4 27. Qxa6 d3
28. Rcd1 Bxb2 29. Qc4 Bf6 30. Nd2 Bc3 31. Rxe4 Bxd2 32. Rxe7
Rxe7 33. Rxd2 Qg3 34. Rd1 Re1+ 35. Rxe1 Qxe1+ 36. Kh2 Qe5+
37. g3 Qb2+ 38. Kh1 Qb1+ 0-1

[Event "Bergen Chess International"]
[Site "Bergen NOR"]
[Date "2001.08.05"]
[EventDate "2001.08.04"]
[Round "2"]
[Result "1/2-1/2"]
[White "Frederic Crapis"]
[Black "Magne Sagafos"]
[WhiteElo "2030"]
[BlackElo "2208"]
[PlyCount "55"]

1. d4 Nf6 2. c4 e6 3. g3 d5 4. Bg2 dxc4 5. Qa4+ Bd7 6. Qxc4
Bc6 7. Nf3 Bd5 8. Qa4+ Qd7 9. Qxd7+ Nbxd7 10. O-O c5 11. Nc3
Bc6 12. Bg5 Be7 13. Rfd1 cxd4 14. Nxd4 Bxg2 15. Kxg2 a6
16. Rac1 O-O 17. Ne4 Rfc8 18. Nf3 Kf8 19. Nxf6 Nxf6 20. Ne5
Nd5 21. Bxe7+ Kxe7 22. e4 Nb6 23. b3 f6 24. Nd3 Rxc1 25. Rxc1
Rd8 26. Rc3 Rd7 27. f4 Na8 28. Kf3 1/2-1/2

[Event "Bergen Chess International"]
[Site "Bergen NOR"]
[Date "2001.08.05"]
[EventDate "2001.08.04"]
[Round "2"]
[Result "1-0"]
[White "Kristian Trygstad"]
[Black "Preben Andersen"]
[WhiteElo "2323"]
[BlackElo "2041"]
[PlyCount "87"]

1. e4 c5 2. Nc3 Nc6 3. f4 e6 4. Nf3 a6 5. d4 cxd4 6. Nxd4 Nxd4
7. Qxd4 b5 8. Bd3 Qc7 9. a4 b4 10. Na2 Rb8 11. Bd2 Qc5
12. Qxc5 Bxc5 13. Nc1 Nf6 14. Nb3 Ba7 15. Ke2 O-O 16. a5 d5
17. e5 Ne4 18. Bxe4 dxe4 19. Ra4 Bd7 20. Rxb4 Rxb4 21. Bxb4
Bb5+ 22. Ke1 Rc8 23. c3 e3 24. Nc1 f6 25. b3 fxe5 26. fxe5 Bc6
27. Ke2 Bxg2 28. Rg1 Be4 29. c4 Bf5 30. Bd6 Bc5 31. Nd3 Bxd6
32. exd6 Bxd3+ 33. Kxd3 Rc6 34. Kxe3 Rxd6 35. b4 e5 36. b5 Rd4
37. Rc1 Kf7 38. b6 Ke6 39. c5 Kd7 40. c6+ Kc8 41. c7 Rb4
42. Rd1 Rc4 43. Rd8+ Kb7 44. Rb8+ 1-0